00746nam a2200217 i 45000010005000000030009000050050017000140070003000310080041000340200018000750800023000932450041001162600061001573000022002184900042002406500040002828300047003228520022003699990015003919520122004069149ES-MaACL20250911062821.0t|930519s1985 sp |||| | spa d a84-7522-250-5 a821.134.2-1(082.2)00aCancionero moderno de obras alegres. aLondon : bH. W. Spirrtual ; aMadrid : bVisor, c1985. a175 p. ; c20 cm.1 aColección Visor de poesía ; v200 7aPoesías españolas2embne9162140 aColección Visor de poesíav2009177331 aES-MaACLjL-16615 c9149d9149 00104070aATENEOMbATENEOMcDEPO2d2008-01-17eSCl0oL-16615p1009338r2023-02-23 00:00:00w2023-02-23yMONOGRAFIA